000 00333 a2200157 4500
001 163246
020 _a978-85-86740-20-6
040 _cMagnum
100 _aSiguemoto, Regina
240 1 0 _aChapéu de papel
_lpor
245 1 0 _aChapéu de papel
300 _a16
362 0 _a2012
697 _aLITERATURA INFANTIL
942 _cBK
999 _c163246
_d163246